Štúdium chlór-a dichlórbenzoátomeďnatých komplexov s pyridínkarboxamidmi

Salvato in:
Dettagli Bibliografici
Autore principale: Halaška, Jozef
Natura: Libro
Lingua:slovacco
Pubblicazione: Bratislava FCHPT STU 2009
Accesso online:Visualizza in OPAC
Tags: Aggiungi Tag
Nessun Tag, puoi essere il primo ad aggiungerne!!

MARC

LEADER 00000nam a2200000 a 4500
005 20260127134338.0
008 091210 2009 xo 000 0 slo d
035 |a vtls010030360 
039 9 |a 200912100912  |b mschk03  |y 200912100856  |z mschk03 
040 |a STUSCHK1  |b slo  |c STUSCHK1  |e AACR2 
100 1 |a Halaška, Jozef 
245 1 |a Štúdium chlór-a dichlórbenzoátomeďnatých komplexov s pyridínkarboxamidmi  |c Jozef Halaška 
260 |a Bratislava  |b FCHPT STU  |c 2009 
300 |a 114 s.  |b il.  |c 30 cm 
500 |a Obháj.: 25.8. 2009 
500 |a Zameranie: Anorganická chémia 
500 |a Kombinácia študijných odborov: 4.1.14 chémia, 5.2.18 chemické technológie 
500 |a Diplomová práca 
500 |a Ústav anorganickej chémie, technológie a materiálov, odd. anorganickej chémie 
910 |a SCHK95 
999 |c 10430  |d 10430